Disney Infinity Playsets - Statistics

General Stats
  • This quiz has been taken 73 times
  • The average score is 11 of 15
Answer Stats
Game Playset % Correct
1.0 Monsters University
94%
1.0 Pirates of the Caribbean
90%
1.0 The Incredibles
90%
1.0 Cars
87%
2.0 The Avengers
85%
1.0 Toy Story in Space
85%
2.0 Spiderman
83%
2.0 Guardians of the Galaxy
77%
3.0 Inside Out
71%
1.0 The Lone Ranger
69%
3.0 Finding Dory
54%
3.0 The Force Awakens
52%
3.0 Twilight of the Republic
52%
3.0 Marvel Battlegrounds
44%
3.0 Rise Against the Empire
42%
No matching quizzes found
Score Distribution
Percent of People with Each Score
Percentile by Number Answered
Your Score History
You have not taken this quiz